书目信息 |
| 题名: |
党员必读
|
|
| 作者: | ;中共中央整党工作指导委员会 编 | |
| 分册: | ||
| 出版信息: | 北京 人民出版社 1983 |
|
| 页数: | 274页 | |
| 开本: | 19cm | |
| 丛书名: | ||
| 单 册: | ||
| 中图分类: | D261.42 | |
| 科图分类: | ||
| 主题词: | 党员-中国共产党-思想政治教育--学习参考资料 , 思想政治教育-中国共产党-党员--学习参考资料 | |
| 电子资源: | ||
| ISBN: | ||
| 000 | 00854nam0 2200253 45 | |
| 001 | 0183005833 | |
| 005 | 20060819113127.60 | |
| 010 | @dCNY0.68 | |
| 091 | @aCN@b3001.1938 | |
| 100 | @a19950705d1983 em y0chiy0121 ea | |
| 101 | 0 | @achi |
| 102 | @aCN@b110000 | |
| 105 | @ay z 000yy | |
| 200 | 10 | @a党员必读@Adang yuan bi du@f中共中央整党工作指导委员会编 |
| 210 | @a北京@c人民出版社@d1983@e上海@g上海人民出版社@h(重印) | |
| 215 | @a274页@d19cm | |
| 601 | 02 | @a中国共产党@x党员@x思想政治教育@x学习参考资料 |
| 606 | @a党员-中国共产党-思想政治教育@x学习参考资料 | |
| 606 | @a思想政治教育-中国共产党-党员@x学习参考资料 | |
| 690 | @aD261.42@v3 | |
| 711 | 02 | @a中共中央整党工作指导委员会@Azhong gong zhong yang zheng dang gong zuo zhi dao wei yuan hui@4编 |
| 801 | 0 | @aCN@bTSSF@c20060819 |
| 801 | 2 | @aCN@bNLC@c20060819 |
| 905 | @a10447@dD261.42@e116 | |
| 党员必读/中共中央整党工作指导委员会编.-北京:人民出版社,1983(上海:上海人民出版社,(重印)) |
| 274页;19cm |
| ISBN :CNY0.68 |
| ● |
| 相关链接 |
|
|
|
|
正题名:党员必读
索取号:D261.42/116
 
预约/预借
| 序号 | 登录号 | 条形码 | 馆藏地/架位号 | 状态 | 备注 |
| 1 | 0469377 | 204693778 | 密集书库/ [索取号:D261.42/116] | 在馆 | |
| 2 | 0471012 | 204710125 | 密集书库/ [索取号:D261.42/116] | 在馆 |